|
|
|
|
| LEADER |
00943nam a2200253 a 4500 |
| 001 |
1214265 |
| 008 |
090913s2003 nyua b 001 0 eng d |
| 010 |
|
|
|a 99034015
|
| 020 |
|
|
|a 9814126357
|
| 040 |
|
|
|a DLC
|c DLC
|d DLC
|
| 082 |
0 |
0 |
|a 621.385
|2 21
|
| 100 |
1 |
|
|a Bellamy, John,
|d 1941-
|
| 245 |
1 |
0 |
|a Digital telephony /
|c John C. Bellamy.
|
| 250 |
|
|
|a 3rd ed.
|
| 260 |
|
|
|a New York ;
|a Singapore :
|b Wiley,
|c c2003.
|
| 300 |
|
|
|a xxv, 642 p. :
|b ill. ;
|c 22 cm.
|
| 490 |
0 |
|
|a Wiley series in telecommunications and signal processing
|
| 500 |
|
|
|a "A Wiley-Interscience publication."
|
| 504 |
|
|
|a Includes bibliographical references and index.
|
| 541 |
1 |
|
|e 00019267
|
| 650 |
|
0 |
|a Digital telephone systems.
|
| 852 |
4 |
|
|a Ayesha Abed Library
|j General shelf
|
| 999 |
|
|
|c 8923
|d 8923
|
| 952 |
|
|
|0 0
|1 0
|2 ddc
|4 0
|6 621_385000000000000_BEL_2003
|7 0
|9 10932
|a BRACUL
|b BRACUL
|c GEN
|d 2010-06-14
|l 4
|m 15
|o 621.385 BEL
|p 3010019267
|r 2014-09-16
|s 2013-02-19
|t 1
|w 2010-06-14
|y BK
|